000 00278nam a22001217a 4500
008 170424b xxu||||| |||| 00| 0 eng d
041 _aeng
080 _259TH
_a54
100 _a12
101 _aSHM
245 _aHANDBOOK OF CHEMISTRY FOR PHYSICS
_cWEAST, R.C
942 _2udc
_cBK
999 _c11719
_d11719